000 01478cam a22003498i 4500
001 23375552
003 GBCCL
005 20241206115837.0
008 231107s2024 miu b 001 0 eng
020 _a9781540966346
_q(paperback)
020 _a9781540967862
_q(casebound)
020 _z9781493446384
_q(ebook)
020 _z9781493446391
_q(pdf)
040 _aDLC
_beng
_erda
_cDLC
_dDLC
082 0 0 _a232
_bSPE
100 1 _aSpencer, F. Scott
_q(Franklin Scott),
_eauthor.
245 1 0 _aSeven challenges that shaped the New Testament :
_bunderstanding the inherent tensions of early Christian faith /
_cF. Scott Spencer.
263 _a2406
264 1 _aGrand Rapids, Michigan :
_bBaker Academic, a division of Baker Publishing Group,
_c[2024]
300 _apages cm
336 _atext
_btxt
_2rdacontent
337 _aunmediated
_bn
_2rdamedia
338 _avolume
_bnc
_2rdacarrier
504 _aIncludes bibliographical references and index.
520 _a"A senior New Testament scholar delves into the emotional life of Jesus in the Gospels-his anger, grief, disgust, surprise, compassion, and joy-that reveal what mattered most to Jesus and motivated his mission"--
_cProvided by publisher.
600 0 0 _aJesus Christ.
_xPerson and office
_xBiblical teaching.
630 0 0 _aBible.
_pGospels.
630 0 0 _aBible.
_pNew Testament.
906 _a7
_bcbc
_corignew
_d1
_eecip
_f20
_gy-gencatlg
942 _2ddc
_cBK
_n0
999 _c10536
_d10536